000 00734nam a2200289Ia 4500
005 20260324141701.0
008 008 260324s9999 xx 000 0 eng d
020 _a9780203811252
037 _aEBOOK
040 _aCRL
040 _beng
040 _cCRL
041 _2eng
041 _aeng
084 _qCRL
100 _aPeter Vorderer; Mike Friedrichsen; Hans Jurgen Wulff
_91209114
245 0 _aSuspense
245 0 _bConceptualizations, Theoretical Analyses, and Empirical Explorations
260 _bTaylor and Francis
260 _c1996
365 _a
365 _b230
856 _uhttp://www.taylorfrancis.com/books/9780203811252
942 _cEBOOK
999 _c1812472
_d1812472